| 000 | 00513nam a2200181 4500 | ||
|---|---|---|---|
| 001 | 135807 | ||
| 003 | ES-MaACL | ||
| 005 | 20230906194948.0 | ||
| 007 | t| | ||
| 008 | 070214s1981 sp r ||||1| spa d | ||
| 100 | 1 |
_aRuiz Ayúcar, Angel. _9100662 |
|
| 245 | 1 | 3 |
_aLa Rusia que yo conocí _b: (División Azul) / _cAngel Ruiz Ayúcar. |
| 250 | _a3ª ed. | ||
| 260 |
_aMadrid : _bFuerza Nueva, _c1981. |
||
| 300 |
_a201 p. ; _c20 cm. |
||
| 700 | 1 |
_aFuerza Nueva. _952973 |
|
| 852 |
_aES-MaACL _jL-11739 _bR.113442 |
||
| 999 |
_c135807 _d135807 |
||